Visualizzazione normale
Vista MARC
- Meroni Gabriella (et al.)
di Personal Name
Records bibliografici associati: 1
001 - CONTROL NUMBER
- control field: 59743
003 - CONTROL NUMBER IDENTIFIER
- control field:
005 - DATE AND TIME OF LATEST TRANSACTION
- control field: 20230317154635.0
008 - FIXED-LENGTH DATA ELEMENTS
- fixed length control field: 230317|| aca||aabn | a|a d
040 ## - CATALOGING SOURCE
- Original cataloging agency:
- Transcribing agency:
100 ## - HEADING--PERSONAL NAME
- Personal name: Meroni Gabriella (et al.)
670 ## - SOURCE DATA FOUND
- Source citation: Work cat.: ()218391: Meroni Gabriella (et al.), Nuove famiglie., 2012